Exploring biology today
Spremljeno u:
| Glavni autor: | |
|---|---|
| Format: | Knjiga |
| Jezik: | Undetermined |
| Izdano: |
St. Louis, Missouri
Mosby
1996
|
| Teme: | |
| Oznake: |
Dodaj oznaku
Bez oznaka, Budi prvi tko označuje ovaj zapis!
|
| Thư viện lưu trữ: | Trung tâm Học liệu Trường Đại học Cần Thơ |
|---|
| LEADER | 00473nam a2200193Ia 4500 | ||
|---|---|---|---|
| 001 | CTU_16345 | ||
| 008 | 210402s9999 xx 000 0 und d | ||
| 020 | |b USA | ||
| 082 | |a 574 | ||
| 082 | |b W681 | ||
| 100 | |a Ann O Wilde | ||
| 245 | 0 | |a Exploring biology today | |
| 245 | 0 | |c Ann O Wilde | |
| 260 | |a St. Louis, Missouri | ||
| 260 | |b Mosby | ||
| 260 | |c 1996 | ||
| 650 | |a biology | ||
| 904 | |i Minh, 970523 | ||
| 980 | |a Trung tâm Học liệu Trường Đại học Cần Thơ | ||